[Event "CZE-ch U12"]
[Site "Kouty nad Desnou"]
[Date "2024.03.14"]
[Round "7"]
[White "Sochor, Vaclav"]
[Black "Fadrny, Jachym"]
[Result "1-0"]
[WhiteElo "1826"]
[BlackElo "1729"]
[PlyCount "69"]
[EventDate "2024.03.09"]
[EventType "swiss"]
[EventRounds "9"]
[EventCountry "CZE"]
[SourceTitle "CB12_2024"]
[SourceDate "2023.10.01"]
[SourceVersion "1"]
[SourceVersionDate "2023.10.01"]
[SourceQuality "1"]

1. e4 e6 2. d4 d5 3. Nc3 Bb4 4. e5 Ne7 5. a3 Ba5 6. b4 Bb6 7. Na4 Nbc6 8. Nf3 Bd7 9. Nxb6 axb6 10. Bg5 0-0 11. Bd3 Qe8 12. c3 Ng6 13. h4 Nge7 14. Bc2 f6 15. exf6 gxf6 16. Qd3 Nf5 17. Bf4 Qf7 18. g4 Nd6 19. Bxd6 cxd6 20. Bb3 b5 21. Kd2 Ne7 22. Rhg1 Kh8 23. Ne1 e5 24. Qe3 Be6 25. Nd3 Ra6 26. g5 fxg5 27. dxe5 d4 28. Qxd4 Nf5 29. Bxe6 Nxd4 30. Bxf7 Nf3+ 31. Ke3 Nxg1 32. e6 Rxf7 33. exf7 Kg7 34. Rxg1 Kxf7 35. Rxg5 1-0

[Event "CZE-ch U12"]
[Site "Teplice"]
[Date "2023.03.18"]
[Round "9"]
[White "Maly, Jiri2222"]
[Black "Sochor, Vaclav"]
[Result "0-1"]
[WhiteElo "1468"]
[BlackElo "1503"]
[PlyCount "98"]
[EventDate "2023.03.11"]
[EventType "swiss"]
[EventRounds "9"]
[EventCountry "CZE"]
[SourceTitle "CBM 213 Extra"]
[Source "ChessBase"]
[SourceDate "2023.05.31"]
[SourceVersion "1"]
[SourceVersionDate "2023.05.31"]
[SourceQuality "1"]

1. e4 e6 2. d4 d5 3. Bd3 c5 4. exd5 exd5 5. dxc5 Bxc5 6. Ne2 Ne7 7. 0-0 0-0 8. Ng3 Ng6 9. Nc3 Be6 10. Bd2 Nc6 11. Kh1 Nce5 12. Be2 f5 13. f4 Nc4 14. Bxc4 dxc4 15. Qe2 Re8 16. Rfe1 Bf7 17. Qd1 Qf6 18. Qf3 Rad8 19. Be3 Bxe3 20. Rxe3 Rd2 21. Rxe8+ Bxe8 22. Qe3 Rd8 23. Rd1 Rxd1+ 24. Nxd1 Bc6 25. Nc3 Nh4 26. Qxa7 Bxg2+ 27. Kg1 Qe7 28. Qf2 Bc6 29. Nge2 Nf3+ 30. Kf1 Qd6 31. Ng1 Qxf4 32. Nxf3 Bxf3 33. Ne2 Qe4 34. Ng3 Qd5 35. Qe1 Kf7 36. Ne2 Qe4 37. Qd2 Bxe2+ 38. Qxe2 Qh1+ 39. Kf2 Qxh2+ 40. Ke3 Qxe2+ 41. Kxe2 Ke6 42. Kd2 Kd5 43. Kc3 h5 44. a4 Kc5 45. b4+ cxb3 46. cxb3 h4 47. b4+ Kc6 48. Kc4 b5+ 49. axb5+ Kb6 0-1

[Event "EU Union-ch U08"]
[Site "Kouty nad Desnou"]
[Date "2020.08.19"]
[Round "6"]
[White "Radzimski, Antoni"]
[Black "Sochor, Vaclav"]
[Result "1-0"]
[WhiteElo "1228"]
[BlackElo "1337"]
[PlyCount "65"]
[EventDate "2020.08.14"]
[EventType "swiss"]
[EventRounds "9"]
[EventCountry "CZE"]
[SourceTitle "EXT 2021"]
[Source "ChessBase"]
[SourceDate "2020.10.23"]
[SourceVersion "1"]
[SourceVersionDate "2020.10.23"]
[SourceQuality "1"]

1. e4 c6 2. d4 d5 3. exd5 cxd5 4. Bd3 Nc6 5. c3 Nf6 6. Bf4 g6 7. Nd2 Bg7 8. Ngf3 0-0 9. 0-0 Bg4 10. h3 Be6 11. Re1 Rc8 12. Ng5 Bd7 13. Rc1 h6 14. Ngf3 Re8 15. Nb3 Na5 16. Nc5 b6 17. Nxd7 Qxd7 18. a4 Nc4 19. b3 Nb2 20. Qd2 Nxd3 21. Qxd3 Ne4 22. c4 f5 23. Ne5 Qb7 24. Nxg6 Kh7 25. Nh4 Qa6 26. Nxf5 Rcd8 27. f3 Nf6 28. Nxh6+ Kh8 29. Nf7+ Kg8 30. Nxd8 Rxd8 31. Rxe7 Kf8 32. Rce1 dxc4 33. Qg6 1-0